Statistics for Well Known Jersey Numbers (NFL and NBA)

Click here to take the quiz!

General Stats

  • This quiz has been taken 253 times
  • The average score is 14 of 15

Answer Stats

HintAnswer% Correct
Tom Brady12
99%
Aaron Rodgers12
98%
Patrick Mahomes15
98%
Joe Burrow9
98%
Lebron James23
96%
Aaron Donald99
96%
Steph Curry30
95%
Tyreek Hill10
94%
Travis Kelce87
93%
Davante Adams17
92%
Kevin Durant7
87%
Zion Williamson1
86%
Giannis Antetokounmpo34
85%
Kyrie Irving11
84%
James Harden13
84%

Score Distribution

Percentile by Number Answered

Percent of People with Each Score

Your Score History

You have not taken this quiz